000 00638nam a2200217 i 4500
001 133665
003 ES-MaACL
005 20230906194507.0
007 t|
008 070824s1960 sp ||||1| spa d
080 _a85-32"19"
100 1 _aMalaparte, Curzio.
_975687
245 1 0 _aEvasiones en la cárcel /
_cCurzio Malaparte [seud.] ; [traducción de Manuel Bosch Barret].
260 _aBarcelona :
_bG.P.,
_c[1960]
300 _a192 p. ;
_c18 cm.
490 1 _aLibros Plaza ;
_v214
700 1 _aBosch Barrett, Manuel.
_930649
830 1 _aLibros Plaza ;
_v214
_9181449
852 _aES-MaACL
_jC-18060
999 _c133665
_d133665